[Event "Challenge"]
[Site "http://www.queenalice.com/game.php?id=1320028"]
[Date "2014.11.3"]
[Round "-"]
[White "JORAM2205"]
[Black "gilsinho22"]
[Result "1-0"]
[WhiteElo "1757"]
[BlackElo "1751"]

1. e4 e5 2. Nf3 f6 3. d3 d6 4. Nc3 Bg4 5. Be2 Bxf3 6. Bxf3 c6 7. Be3 Qa5 8. O-O
b5 9. a3 Qd8 10. Bg4 h6 11. d4 d5 12. Bf5 Ne7 13. Qh5+ g6 14. Bxg6+ Kd7 15. exd5
Nxd5 16. Nxd5 cxd5 17. dxe5 fxe5 18. Qxe5 Bd6 19. Qxd5 Nc6 20. Qxb5 a6 21. Bf5+
Kc7 22. Qb6# 1-0

[Event "AUTO-OPEN-3395"]
[Site "http://www.queenalice.com/game.php?id=1327242"]
[Date "2014.12.10"]
[Round "1"]
[White "enrosque"]
[Black "gilsinho22"]
[Result "1-0"]
[WhiteElo "2520"]
[BlackElo "1738"]

1. e4 e5 2. Nf3 Nc6 3. Bb5 Qf6 4. O-O Nd4 5. Nxd4 exd4 6. d3 Bd6 7. f4 Bc5 8.
Nd2 c6 9. e5 Qg6 10. f5 Qh6 11. Ne4 Qh4 12. Bg5 Qxe4 13. dxe4 d3+ 14. Kh1 cxb5
15. Qxd3 a6 16. e6 fxe6 17. fxe6 Be7 18. Rad1 Bxg5 19. exd7+ Bxd7 20. Qxd7# 1-0

[Event "AUTO-OPEN-3395"]
[Site "http://www.queenalice.com/game.php?id=1327243"]
[Date "2014.12.10"]
[Round "1"]
[White "gilsinho22"]
[Black "enrosque"]
[Result "0-1"]
[WhiteElo "1736"]
[BlackElo "2521"]

1. d3 d5 2. d4 Bf5 3. c3 e6 4. Nd2 Nc6 5. Ngf3 Bd6 6. e3 Nf6 7. Bb5 O-O 8. Bxc6
bxc6 9. O-O Bd3 10. Re1 Ne4 11. Nxe4 dxe4 12. Ng5 Qxg5 13. g3 Qf5 14. g4 Qg6 15.
f3 exf3 16. Qxf3 Be4 17. Qe2 f5 18. h3 fxg4 19. Qxg4 Qf6 20. Re2 Qf1# 0-1

[Event "AUTO-OPEN-3395"]
[Site "http://www.queenalice.com/game.php?id=1327266"]
[Date "2014.12.10"]
[Round "1"]
[White "Jackzapo"]
[Black "gilsinho22"]
[Result "1-0"]
[WhiteElo "1732"]
[BlackElo "1703"]

1. d4 d5 2. c4 dxc4 3. Nc3 g6 4. e4 f5 5. exf5 Bxf5 6. Bxc4 Nf6 7. Nge2 Nc6 8.
O-O Bg4 9. Be3 e5 10. h3 Bxe2 11. Nxe2 exd4 12. Bg5 h6 13. Bh4 Qd6 14. Bg3 Na5
15. Bxd6 cxd6 16. Qxd4 Nd7 17. Qxh8 Nxc4 18. Nf4 O-O-O 19. Rac1 b5 20. Ne6 Re8
21. Nxf8 Rxf8 22. Qd4 Rf5 23. Qxa7 Kd8 24. b3 Nce5 25. Rc7 1-0

[Event "AUTO-OPEN-3395"]
[Site "http://www.queenalice.com/game.php?id=1327267"]
[Date "2014.12.10"]
[Round "1"]
[White "gilsinho22"]
[Black "Jackzapo"]
[Result "0-1"]
[WhiteElo "1688"]
[BlackElo "1747"]

1. d4 Nf6 2. Bg5 e6 3. e4 Be7 4. e5 Nd5 5. h4 h6 6. Bxe7 Qxe7 7. Nc3 Nc6 8. Bc4
Nxc3 9. bxc3 a6 10. Qg4 O-O 11. Ne2 b5 12. Bd3 d6 13. Qe4 g6 14. Qxc6 Bd7 15.
Qxc7 dxe5 16. Qxe5 Rac8 17. d5 f6 18. Qe4 f5 19. Qe3 Qf6 20. dxe6 Bxe6 21. Qxh6
Rf7 22. Nd4 Bd5 23. Ne2 Re8 24. h5 Rh7 25. Qf4 Qxc3+ 0-1

[Event "AUTO-OPEN-3395"]
[Site "http://www.queenalice.com/game.php?id=1327282"]
[Date "2014.12.10"]
[Round "1"]
[White "gilsinho22"]
[Black "raven225"]
[Result "0-1"]
[WhiteElo "1675"]
[BlackElo "1874"]

1. e4 c5 2. d4 cxd4 3. Qxd4 Nc6 4. Qc3 e5 5. Nf3 d6 6. Bb5 Bd7 7. Bg5 f6 8. Be3
Be7 9. O-O a6 10. Bxc6 Bxc6 11. Nh4 Rc8 12. Qb3 Bxe4 13. Nc3 Bc6 14. Bb6 Qd7 15.
Nf3 Nh6 16. Nd5 Bxd5 17. Qxd5 Nf7 18. h3 O-O 19. Be3 Rxc2 20. b3 Rc6 21. Qe4 f5
22. Qd3 e4 23. Qd1 Rfc8 24. Rc1 Rxc1 25. Qd5 Rxf1+ 26. Kxf1 Bf6 27. Ng5 Bxg5 28.
Bxg5 Kf8 29. g4 Nxg5 30. Qxf5+ Qxf5 31. gxf5 Nxh3 32. Ke2 Rc2+ 33. Ke3 Nxf2 34.
Kf4 d5 35. a4 Nd3+ 36. Ke3 h5 37. Kd4 Nf2 38. Ke3 h4 39. Kf4 h3 40. Kg3 e3 41.
b4 Kf7 42. Kf3 d4 43. Kg3 d3 44. Kf3 Re2 45. Kg3 Kf6 46. Kf3 Kxf5 47. Kg3 d2 48.
Kf3 d1=Q 49. Kg3 Qg1+ 50. Kf3 Qg4# 0-1

[Event "AUTO-OPEN-3395"]
[Site "http://www.queenalice.com/game.php?id=1327283"]
[Date "2014.12.10"]
[Round "1"]
[White "raven225"]
[Black "gilsinho22"]
[Result "1-0"]
[WhiteElo "1739"]
[BlackElo "1718"]

1. e4 e5 2. Nf3 d6 3. d4 Bg4 4. dxe5 dxe5 5. Qxd8+ Kxd8 6. Nc3 Bxf3 7. gxf3 Bb4
8. Bd2 a5 9. a3 Bxc3 10. Bxc3 Nc6 11. O-O-O+ Kc8 12. Bb5 Nge7 13. Rhg1 Na7 14.
Bd7+ Kb8 15. Rxg7 b6 16. Rxf7 Nac6 17. Bxe5 Nxe5 18. Rxe7 Nxd7 19. Rdxd7 Ra7 20.
f4 h5 21. f5 Rc8 22. f6 b5 23. f7 b4 24. a4 h4 25. Re8 Rb7 26. f8=Q Rxe8 27.
Qxe8+ Ka7 28. Qc8 c6 29. Qxb7# 1-0

[Event "AUTO-INT-2881"]
[Site "http://www.queenalice.com/game.php?id=1335875"]
[Date "2015.1.20"]
[Round "2"]
[White "gilsinho22"]
[Black "zemari"]
[Result "1-0"]
[WhiteElo "1682"]
[BlackElo "1592"]

1. d4 d5 2. Nf3 Bf5 3. c3 f6 4. Nh4 Bd7 5. Nf3 Bf5 6. Qb3 Qc8 7. Qxd5 Bc2 8. Na3
c6 9. Qh5+ Bg6 10. Qg5 fxg5 11. Bxg5 h6 12. Bh4 Nd7 13. e3 e6 14. Bc4 Ndf6 15.
Ne5 Bh7 16. O-O Bxa3 17. bxa3 Bf5 18. Be2 Qc7 19. Rfd1 Nd7 20. Bh5+ g6 21. Bxg6+
Kf8 22. Nf7 Bxg6 23. Nxh8 Be4 24. f3 Bxf3 25. gxf3 Kg7 26. Bg3 Qa5 27. Be5+ 1-0

[Event "AUTO-INT-2881"]
[Site "http://www.queenalice.com/game.php?id=1335876"]
[Date "2015.1.20"]
[Round "2"]
[White "zemari"]
[Black "gilsinho22"]
[Result "0-1"]
[WhiteElo "1605"]
[BlackElo "1669"]

1. e4 e5 2. d4 d5 3. c3 exd4 4. Qxd4 dxe4 5. Qxe4+ Be7 6. Qe5 Nc6 7. Qxg7 Bf6 8.
Qg3 Be5 9. Qe3 Qe7 10. Bc4 Nd4 11. cxd4 Bxd4 12. Qxe7+ Nxe7 13. Nf3 Bc5 14. b3
Nf5 15. Ne5 Be6 16. Bxe6 fxe6 17. Nc4 Nd4 18. Ne3 O-O-O 19. Bb2 Rhf8 20. Nc3 Nf5
21. Nxf5 exf5 22. O-O Rd2 23. Rab1 Bd4 24. Na4 b5 25. Bxd4 Rxd4 26. Nc5 Rd5 0-1

[Event "Challenge"]
[Site "http://www.queenalice.com/game.php?id=1357372"]
[Date "2015.5.4"]
[Round "-"]
[White "Magogue"]
[Black "gilsinho22"]
[Result "0-1"]
[WhiteElo "1158"]
[BlackElo "1674"]

1. e4 e5 2. f4 exf4 3. Bc4 Qe7 4. Nc3 f5 5. d3 Qh4+ 6. Kf1 Bc5 7. d4 Bb4 8. Nf3
Bxc3 9. Nxh4 Bb4 10. Nxf5 d5 0-1

[Event "AUTO-INT-3002"]
[Site "http://www.queenalice.com/game.php?id=1361862"]
[Date "2015.5.27"]
[Round "1"]
[White "Jomaley"]
[Black "gilsinho22"]
[Result "1-0"]
[WhiteElo "1576"]
[BlackElo "1545"]

1. Nf3 Nf6 2. e3 e5 3. Nxe5 Qe7 4. d4 d6 5. Nc4 d5 6. Ne5 Qe6 7. Bb5+ Bd7 8.
Nxd7 Nbxd7 9. Bxd7+ Qxd7 10. f3 Bb4+ 11. c3 Ba5 12. b4 Bb6 13. a4 O-O 14. a5
Bxa5 15. Rxa5 b6 16. Ra2 Qf5 17. Nd2 Qg5 18. Qe2 Rfe8 19. Nb3 Qf5 20. O-O 1-0

[Event "AUTO-INT-3002"]
[Site "http://www.queenalice.com/game.php?id=1361863"]
[Date "2015.5.27"]
[Round "1"]
[White "gilsinho22"]
[Black "Jomaley"]
[Result "0-1"]
[WhiteElo "1561"]
[BlackElo "1560"]

1. Nf3 f6 2. e4 d6 3. Bc4 Bg4 4. O-O h5 5. Bd5 c6 6. Bxg8 Rxg8 7. Nc3 h4 8. h3
Bxf3 9. Qxf3 Rh8 10. Ne2 Qd7 11. d3 Na6 12. Qf5 Qxf5 13. exf5 O-O-O 14. Be3 c5
15. d4 Rh5 16. Nf4 Rxf5 17. Ne6 Re8 18. c3 c4 19. g4 hxg3 20. fxg3 Rb5 0-1

[Event "AUTO-INT-3002"]
[Site "http://www.queenalice.com/game.php?id=1361876"]
[Date "2015.5.27"]
[Round "1"]
[White "jupar"]
[Black "gilsinho22"]
[Result "1-0"]
[WhiteElo "1978"]
[BlackElo "1676"]

1. d4 d5 2. c4 dxc4 3. Nc3 e6 4. e4 Bb4 5. Bxc4 c5 6. d5 Bxc3+ 7. bxc3 e5 8. h3
Nf6 9. Bg5 h6 10. Bxf6 Qxf6 11. Qa4+ Bd7 12. Bb5 Qb6 13. Bxd7+ Nxd7 14. Nf3 1-0

[Event "AUTO-INT-3002"]
[Site "http://www.queenalice.com/game.php?id=1361877"]
[Date "2015.5.27"]
[Round "1"]
[White "gilsinho22"]
[Black "jupar"]
[Result "0-1"]
[WhiteElo "1672"]
[BlackElo "1989"]

1. d4 d5 2. Nf3 Nf6 3. e3 e6 4. Bd3 c6 5. O-O Bd6 6. c3 Nbd7 7. Nbd2 e5 8. c4 e4
9. c5 Bc7 10. Bxe4 dxe4 11. Ne5 Nxe5 12. dxe5 Bxe5 13. Nc4 Bc7 0-1

[Event "AUTO-INT-3002"]
[Site "http://www.queenalice.com/game.php?id=1361886"]
[Date "2015.5.27"]
[Round "1"]
[White "gilsinho22"]
[Black "Alcar"]
[Result "0-1"]
[WhiteElo "1694"]
[BlackElo "1618"]

1. Nf3 Nf6 2. e4 e6 3. e5 Nd5 4. Bc4 Nb6 5. d3 Nxc4 6. dxc4 Bc5 7. Bg5 Be7 8.
O-O Bxg5 9. h4 Bxh4 10. Nbd2 Bg5 11. Ne4 Bh6 12. Nc5 O-O 13. Ne4 d6 14. exd6
cxd6 15. Nxd6 Nc6 16. c5 Bf4 17. Nxc8 Rxc8 18. g3 Bg5 0-1

[Event "AUTO-INT-3002"]
[Site "http://www.queenalice.com/game.php?id=1361887"]
[Date "2015.5.27"]
[Round "1"]
[White "Alcar"]
[Black "gilsinho22"]
[Result "1-0"]
[WhiteElo "1750"]
[BlackElo "1667"]

1. d4 d5 2. c4 dxc4 3. Nc3 Nf6 4. e4 Nc6 5. Bxc4 Nxd4 6. Nf3 Bg4 7. Be2 Bxf3 8.
Bxf3 Nxf3+ 9. Qxf3 e6 10. O-O Qd4 11. Be3 Qb4 12. Rab1 Be7 13. a3 Qb3 14. e5 Nd5
15. Nxd5 exd5 16. h3 O-O 17. Rfc1 h6 18. Rc3 Qb5 19. Qg4 g5 20. e6 c6 21. Qh5
fxe6 22. Qg6+ Kh8 23. Qxh6+ 1-0